00516nam a2200157 a 450000500170000000800410001702000180005805000190007624500850009526000720018030000100025244000190026250000250028165000290030665000230033520140412111241.0000831s19uu xx 00 eng d a0-201-19320-5 aBBbGi433 1989 aThe Gingerbread man, level a /cAddison - Wesley ; illustrator by John Sandford. aReading, Massachusetts :bAddison-Wesley Publishing Company,c1989. a16 p. aAddison-Wesley aIllustrated big book aGingerbread-FictionxMan aChildren's stories